Normal view
MARC view
- Educación para la vida familiar
Entry Materia
001 - NÚMERO DE CONTROL DEL REGISTRO
- campo de control: 13446
003 - IDENTIFICADOR DE NUMERO DE CONTROL
- campo de control: MX-MxUPN
005 - FECHA Y HORA DE LA ÚLTIMA TRANSACCIÓN
- campo de control: 20240911125111.0
008 - DATOS DE LONGITUD FIJA
- campo de control de longitud fija: 240911nn annnnaabn b ana |d
035 ## - NÚMERO DE CONTROL DEL SISTEMA
- Número de control del sistema: UPN10000013454
040 ## - FUENTE DE LA CATALOGACIÓN
- Centro catalogador de origen: MX-MxUPN
- Lengua de catalogación: spa
150 ## - ENCABEZAMIENTO - TEMÁTICO
- Término de materia o nombre geográfico como elemento inicial: Educación para la vida familiar
670 ## - FUENTE EN LA QUE SE LOCALIZARON DATOS
- Cita de la fuente: Bilindex, 2004 :
- Información localizada: página 1432 (Educación para la vida familiar)
902 ## - CATALOGADOR
- Catalogador: MEEG/200398
- Catalogador: VíctorGodínez/110924
